|
|
|
|
| LEADER |
00000cam a2200000 7i4500 |
| 001 |
0000019468 |
| 005 |
20080617.0 |
| 008 |
080617 |
| 020 |
|
|
|a 9833698077
|
| 090 |
0 |
0 |
|a 338.9595
|b MOH
|
| 100 |
0 |
|
|a Mohd Najib Abdul Razak
|
| 245 |
1 |
0 |
|a Globalising Malaysia :
|b towards building a developed nation
|c Mohd Najib Abdul Razak
|
| 260 |
|
|
|a Kuala Lumpur :
|b MPH Pub. ,
|c 2006
|
| 500 |
|
|
|a Include index
|
| 650 |
|
0 |
|a Malaysia
|x Economic conditions
|
| 999 |
|
|
|a 0000936648
|b Book
|c Adult Collection
|e Cawangan Bandar Tenggara
|
| 999 |
|
|
|a 0001023157
|b Book
|c Adult Collection
|e Perbadanan Perpustakaan Awam Johor
|